000 01014cab a22002295a 4500
001 L153846
008 110913e20110909xxk f 000 0 eng d
035 _a(Sirsi) u153846
041 0 _aeng
100 1 _aHibberd, Peter
245 0 0 _aShifting standards
260 _c2011
490 _aBuilding
_v276 (8694) 9 September 2011, 45(1)
520 _aExplains the changes made by the Local Democracy, Economic Development and Construction Act 2009 to the Housing Grants, Construction and Regeneration Act 1996; JCT contracts are aligned with the government's construction strategy; JCT represents every segment of the construction industry.
590 _aKA
650 2 4 _aLOCAL DEMOCRACY, ECONOMIC DEVELOPMENT AND CONSTRUCTION ACT 2009
650 2 4 _aHOUSING GRANTS, CONSTRUCTION AND REGENERATION ACT 1996
651 4 _aEngland and Wales
_y1543-
690 _aBUILT ENVIRONMENT-CONSTRUCTION MANAGEMENT-BUILDING CONTRACT ADMINISTRATION
690 _aBUILT ENVIRONMENT-CONSTRUCTION MANAGEMENT
942 _n0
999 _c83402
_d83402